More of the Three Characters in Search of Literature - Statistics

General Stats
  • This quiz has been taken 137 times
  • The average score is 8 of 20
Answer Stats
Characters Title % Correct
Jean Valjean, Cosette, and Inspector Javert Les Miserables
94%
Sancho Panza, Rocinante, and Cardenio Don Quixote
85%
Alexei Vronsky, Konstantin Levin, and Countess Lydia Ivanovna Anna Karenina
75%
Amy March, Laurie Laurence, and Marmee Little Women
71%
Van Helsing, Renfield, and Mina Harker Dracula
67%
Lennie Small, Curley, and Slim Of Mice and Men
67%
Ashley Wilkes, Melanie Hamilton, and Prissy Gone With the Wind
45%
The Wife of Bath, The Pardoner, and the Summoner The Canterbury Tales
41%
Gilbert Blythe, Marilla Cuthbert, and Diana Barry Anne of Green Gables
34%
Emond Dantes, Jacopo, and Fernand Mondego The Count of Monte Cristo
34%
Arthur Dimmesdale, Roger Chillingworth, and Pearl The Scarlet Letter
33%
Lady de Winter, Monsieur de Treville, and Madame de Coquenard The Three Musketeers
28%
Buck, John Thornton, and Spitz The Call of the Wild
22%
Sibyl Vane, Lord Henry Wotton, and Basil Hallward The Picture of Dorian Gray
22%
Guy Montag, Captain Beatty, and Clarisse McClellan Fahrenheit 451
21%
Lara Guisher, Pasha Antipov, and Nikolay Vedenyapin Doctor Zhivago
14%
Lady Rowena, Rebecca, and Maurice de Bracy Ivanhoe
9%
Glumdalclitch, Lord Munodi, and Richard Sympson Gulliver's Travels
7%
Catherine Barkley, Rinaldi, and Helen Ferguson A Farewell to Arms
3%
Father Flynn, Mahony, and Jimmy Doyle Dubliners
2%
No matching quizzes found
Score Distribution
Percent of People with Each Score
Percentile by Number Answered
Your Score History
You have not taken this quiz